000 00453nam a2200193Ia 4500
005 20240823033524.0
008 240823s9999||||xx |||||||||||||| ||und||
020 _a978-81-8402-538-5
041 _aENGLISH
082 _A150.195 P8
100 _aLouise L Hay
245 0 _aIdhaya sindhanai
250 _a1st
260 _c2008
_b"Kannadhasan Pathippagam,Ch"
500 _aYES
650 _aTamil Books
_bGeneral
942 _cBK
999 _c196021
_d196021